Amor y Placer: el camino hacia una forma de igualdad: reseña. El nacimiento del placer: una nueva geografía del amor /

Comentario sobre el libro "El nacimiento del placer: una nueva geografía del amor" de Carol Gilligan

Zapisane w:
Opis bibliograficzny
1. autor: Gilligan, Carol
Kolejni autorzy: Apanewicz, Dolores C. , reseñadora
Format: Texto
Hasła przedmiotowe:
Etykiety: Dodaj etykietę
Nie ma etykietki, Dołącz pierwszą etykiete!

MARC

LEADER 00000 a a2200000 04500
001 3872
003
040
100 |a Gilligan, Carol  
245 |a Amor y Placer: el camino hacia una forma de igualdad: reseña. El nacimiento del placer: una nueva geografía del amor /  |c Carol Gilligan  
500 |a Reseña: El nacimiento del placer: una nueva geografía del amor / Carol Gilligan.-- Barcelona: Paidós, 2003. -- 267 p  
520 |a Comentario sobre el libro "El nacimiento del placer: una nueva geografía del amor" de Carol Gilligan  
650 |a DESARROLLO DE LA PERSONALIDAD  
650 |a MUJERES  
650 |a RESEÑAS BIBLIOGRAFICAS  
700 |a Apanewicz, Dolores C. , reseñadora  
773 |g volumen 11, número 34; páginas 341-348  
999 |c 20989  |d 20989